书目信息 |
| 题名: |
平面广告形象设计
|
|
| 作者: | 李伟 编著 | |
| 分册: | ||
| 出版信息: | 长沙 湖南大学出版社 2004.9 |
|
| 页数: | 104页 | |
| 开本: | 24×25cm | |
| 丛书名: | ||
| 单 册: | ||
| 中图分类: | J524.3-43 | |
| 科图分类: | J524.3 | |
| 主题词: | 广告--guang gao--平面设计--高等教育--教材 , 广告--guang gao , 平面设计--ping mian she ji | |
| 电子资源: | ||
| ISBN: | 7-81053-858-6 | |
| 000 | 01083nam0 2200325 450 | |
| 000 | 01102nam0 2200325 450 | |
| 000 | 01065nam0 2200313 450 | |
| 000 | 01028nam0 2200301 450 | |
| 000 | 00991nam0 2200289 45 | |
| 001 | 012005000000 | |
| 005 | 20050908154729.47 | |
| 010 | @a7-81053-858-6@dCNY38.00 | |
| 100 | @a20050125d2004 em y0chiy0121 ea | |
| 101 | 0 | @achi |
| 102 | @aCN@b430000 | |
| 105 | @af z 000yy | |
| 200 | 1 | @a平面广告形象设计@Aping mian guang gao xing xiang she ji@f李伟编著 |
| 210 | @a长沙@c湖南大学出版社@d2004.9 | |
| 215 | @a104页@c图@d24×25cm | |
| 300 | @a高等院校设计艺术专业教材 | |
| 320 | @a有书目(第103页) | |
| 330 | @a本书包括概述;平面广告的信息传达及表现;平面广告中的形象;平面广告的形象设计;平面广告形象的色彩设计;平面广告形象设计的媒体应用等八章内容。 | |
| 606 | 0 | @a广告@Aguang gao@x平面设计@x高等教育@j教材 |
| 606 | 0 | @a广告@Aguang gao |
| 606 | 0 | @a平面设计@Aping mian she ji |
| 690 | @aJ524.3-43@v4 | |
| 692 | @aJ524.3 | |
| 701 | 0 | @a李伟@Ali wei@4编著 |
| 801 | 0 | @aCN@bSRXX@c20050908 |
| 905 | @a10447@dJ524.3@eL283 | |
| 平面广告形象设计/李伟编著.-长沙:湖南大学出版社,2004.9 |
| 104页:图;24×25cm |
| 高等院校设计艺术专业教材 |
| ISBN 7-81053-858-6:CNY38.00 |
| 本书包括概述;平面广告的信息传达及表现;平面广告中的形象;平面广告的形象设计;平面广告形象的色彩设计;平面广告形象设计的媒体应用等八章内容。 |
| ● |
| 相关链接 |
|
|
|
正题名:平面广告形象设计
索取号:J524.3/L283
 
预约/预借
| 序号 | 登录号 | 条形码 | 馆藏地/架位号 | 状态 | 备注 |
| 1 | 541358 | 205413587 | 社科库309/309社科库 87排2列3层/ [索取号:J524.3/L283] | 在馆 | |
| 2 | 541359 | 205413596 | 社科库309/309社科库 87排2列3层/ [索取号:J524.3/L283] | 在馆 |